000 00297nam a22001097a 4500
008 160621b xxu||||| |||| 00| 0 eng d
100 _9199
_aCone, M
245 _aMishmash
_band the Venus Plytrap
260 _aUSA.Weekly Reader Book
_c1976
300 _aMishmash:and the Venus Plytrap
942 _2ddc
_cBK
999 _c159
_d159